000 00702cab a2200265 4500
001 X468
008 090401t1993 xxu||||| |||| 00| 0 eng d
035 _a(Sirsi) u65801
041 _aeng
100 _aRhind, D.
245 _aPolicy on the supply and availability of Ordnance Survey information over the next five years
260 _c1993
350 _a0
490 _aMapping Awareness
_v7(1) January/February 1993, 37-41; 7(2) March 1993
650 _aAGENCIES
650 _aGEOGRAPHICAL INFORMATION
650 _aGIS
650 _aMARKET
650 _aPOLICY
650 _aPRICING
650 _aSERVICE
690 _aMAPPING AND MEASUREMENT
942 _n0
948 _c04/03/1997
999 _c41080
_d41080